| 000 | 00358nam a2200145Ia 4500 | ||
|---|---|---|---|
| 100 | _aHollaway Leonard ed | ||
| 942 | _cRB | ||
| 654 | _aPolymer composites for engineers | ||
| 245 | _aHandbook of Polymer Composites for Engineers | ||
| 260 |
_bJaico Pub _aBombay _c1995 |
||
| 082 |
_a625.1892025 _bH |
||
| 300 | _a338 | ||
| 546 | _aENGLISH | ||
| 999 |
_c22657 _d22657 |
||